People Make History: From the →OEuvre of Andras Kubinyi
| Titel: | People Make History: From the →OEuvre of Andras Kubinyi |
|---|---|
| Verfasser: | |
| In: |
East central Europe, Band 26, Heft 2 (1999), Seite 127-131 alle Artikel anzeigen |
| Veröffentlicht: | 1999 |
| Format: | Aufsatz |
| Sprache: | Englisch |
X
alg: 39502511 001A $01999:12-11-16 001B $01999:04-08-21 $t21:02:27.000 001C $06050:19-11-16 $t08:42:07.000 001D $01999:12-11-16 001U $0utf8 001X $00 002@ $0Aox 003@ $0395025117 007A $0395025117 $aHEB 007T $0Herd35341 010@ $aeng 011@ $a1999 021A $aPeople Make History: From the →OEuvre of Andras Kubinyi 028A $#Bak, Johann M. $#Bak, János $#Bak, János Mihály $712185485X $8Bak, János M.$Z1929-2020 [Tp1] $9090887107 031A $d26 $e2 $h127-131 $j1999 039B $aIn $8--Abvc--. East central Europe. - Leiden : Brill, 1974-. - ISSN 0094-3037 $x199900000260002873 $9047226099 039T $8--Aay--Kubinyi, András$Z1929-2007 [Tp3]. Matthias Corvinus. - Herne : Schäfer, 1999. - 245 S.. - ISBN 3-933337-13-5 $9083807527 045F $a900.94371 $eDDC23BSB 045F/01 $a900 045F/03 $g4371 045F/03 $g4373 045T $a7,41 lok: 39502511 78 exp: 39502511 78 1 #EPN 201B/01 $026-11-17 $t03:54:00.000 201U/01 $0utf8 203@/01 $0791323722 208@/01 $a12-11-16 $be 209A/01 $a/ $f000 $x00 220C/01 $aTitelaufnehmer: cs 244Z/01 $#Tschechien $#Tschechische Republik $#Tschechische Republik $#Tschechenland $#Tschechei Tschechien $#Česká Republika $#Czech Republic $#ČR $74303381-7 $8--Tg1--Tschechien $x01 $9086659812 244Z/01 $2Trx $#Böhmen $#Bohemia $#Czechy $8--Trx--Čechy $x02 $9391188941 244Z/01 $2Trx $#Slowakische Republik $#Szlovák Köztársaság $#Republika Słowacka $#Slovenská Republika $#Slovensko $#Slowakei $#Słowacja $#Slovensko $8--Trx--Slovenská Republika $x03 $9391345796 244Z/01 $2Trx $#arvustused $#recenzijos $#Reviews $#recenziók $#recenzje $#recenzie $#recenze $8--Trx--Rezensionen $x04 $9391357441 247C/01 $82080>Marburg/Lahn, Herder-Institut, Forschungsbibliothek, Bibliographieportal $9336309341
| LEADER | 00000caa a22000002c 4500 | ||
|---|---|---|---|
| 001 | 395025117 | ||
| 003 | DE-603 | ||
| 005 | 20210804210227.0 | ||
| 007 | tu | ||
| 008 | 161112s1999 xx |||| | u00||u|eng c | ||
| 035 | |a (DE-599)HEB395025117 | ||
| 040 | |a DE-603 |b ger |c DE-603 |d DE-603 | ||
| 041 | |a eng | ||
| 082 | 0 | 4 | |8 1\u |a 900.94371 |q DE-101 |2 23/BSB |
| 084 | |a 7,41 |2 ssgn | ||
| 085 | |8 1\u |b 900 | ||
| 085 | |8 1\u |z 2 |s 4371 | ||
| 085 | |8 1\u |z 2 |s 4373 | ||
| 100 | 1 | |a Bak, János M. |d 1929-2020 |0 (DE-603)090887107 |0 (DE-588)12185485X |2 gnd | |
| 245 | 0 | 0 | |a People Make History: From the →OEuvre of Andras Kubinyi |
| 264 | 0 | |c 1999 | |
| 773 | 0 | 8 | |i In |t East central Europe |d Leiden : Brill, 1974- |h 24 cm |x 0094-3037 |g Band 26, Heft 2 (1999), Seite 127-131 |w (DE-603)047226099 |w (DE-600)190826-1 |
| 787 | 0 | 8 | |i Rezension von |a Kubinyi, András, 1929-2007 |t Matthias Corvinus |d Herne : Schäfer, 1999 |h 245 S., 24 cm |z 3933337135 |w (DE-603)083807527 |
| 924 | 0 | |9 2080 |a (DE-603)791323722 |b DE-2080 |c HES |d d |g / | |


